| 000 | 00356nam a22001217a 4500 | ||
|---|---|---|---|
| 008 | 090607t xxu||||| |||| 00| 0 eng d | ||
| 020 | _a8122414958 | ||
| 082 |
_222 _a660.2969 _bSRI |
||
| 245 |
_aChemical Engineering Themrodynamics/ _cD. Srinivasan |
||
| 260 |
_aNew Delhi: _bNew Age International, _c2003 |
||
| 300 |
_a406p.: _bill.; _c20 cm. |
||
| 942 |
_2ddc _cBB |
||
| 999 |
_c11758 _d11758 |
||